000
00427nam a2200145Ia 4500
008
100122s9999 xx 000 0 und d
082
_b
10810
_a
338.954
100
_a
लेले आनंद माधव
245
_a
उद्योग भारत
260
_b
य.गो.जोशी
_c
1961
300
_a
138
630
_a
उद्योग भारत
730
_a
उद्योग भारत
942
_c
BOOK
999
_c
402392
_d
402389